00860cam a22002411 450000100060000000300080000600500170001400800410003103500140007204000470008604100080013308200220014110000290016324500850019226000360027730000320031350400180034565000470036370000310041094200120044199900170045395201480047028588BD-RjUL20211209051313.0140331s1959 nyua 001 0 eng d a(BD-RjUL) aDLCcTxShAdNBrockUdUkdDLCdBD-RjULbeng aeng00a371.422bKOG 19591 aKowitz, Gerald T.98754610aGuidance in the elementary classroom /cby Gerald T. Kowitz and Norma G. Kowitz. aNew York :bMcGraw-Hill,c1959. a 314 p. :billus. ;c24 cm. aInclude index 0aCounseling in elementary education.9875471 aKowitz, Norma Giess987548 2ddccBK c28588d28588 00102ddc40728NFICaRUCLbRUCLcReadingd1960-06-20eMirza book agencyg28.00l0o371.422 KOG 1959r2014-03-31 00:00:00tC-1w2014-03-31yBK